000 00402nam a22001337a 4500
008 140403b xxu||||| |||| 00| 0 eng d
050 _aLB1585
_b.M629
100 _aMidgley, Mary
_99747
245 _aEducation, values and science
_bThe Victor Cook Memorial Lectures
260 _bUniversity of St Andrews
_c1999
300 _a58p.
_b21cm.
700 _aAppleyard, Bryan
_99748
942 _2lcc
_cMONOGRAPH
999 _c120373
_d120373